| 000 | 00821nam a22002297a 4500 | ||
|---|---|---|---|
| 999 |
_c58729 _d58729 |
||
| 005 | 20220708135717.0 | ||
| 008 | 220708s2021en xxu||||| |||| 00| 0 eng d | ||
| 020 | _a978-1506263809 | ||
| 080 | _a330.1 K-12 | ||
| 100 |
_aKacapyr, Elia _914337 |
||
| 245 |
_aAP Microeconomics/Macroeconomics: WITH 4 Practice Tests / _cElia Kacapyr, James Redelsheime, Frank Musgrave. |
||
| 250 | _aseventh edition | ||
| 264 |
_aNew york, _c2021. |
||
| 300 |
_a432 pages _b27 cm. |
||
| 440 |
_aBarron's _914338 |
||
| 653 | _aAP Microeconomics/Macroeconomics: WITH 4 Practice Tests | ||
| 653 | _aმიკროეკონომიკა/მაკროეკონომიკა | ||
| 653 | _aეკონომიკა | ||
| 700 |
_aRedelsheimer, , James _914339 |
||
| 700 |
_aMusgrave, Frank _914340 |
||
| 942 |
_2udc _cBK |
||